000 00436nam a2200157 i 4500
001 29760
003 ES-MaACL
007 t|
008 030122s1911 sp ||||1| spa d
100 1 _aBaroja, Pío,
_d1872-1956
_925752
245 1 3 _aLa casa de Aizgorri
_b: novela en siete jornadas /
_cPío Baroja.
260 _aMadrid :
_bRenacimiento,
_c1911.
300 _a256 p. ;
_c19 cm.
852 _aES-MaACL
_jB-5751
999 _c29760
_d29760